INDRA AND AIRAVAT THE ELEPHANT (Record no. 7034)
[ view plain ]
| 000 -LEADER | |
|---|---|
| fixed length control field | 00631nam a22001457a 4500 |
| 020 ## - INTERNATIONAL STANDARD BOOK NUMBER | |
| ISBN | 978-93-5376-231-5 |
| 082 ## - DEWEY DECIMAL CLASSIFICATION NUMBER | |
| Classification number | 823 |
| Item number | VIL/I |
| 100 ## - MAIN ENTRY--AUTHOR NAME | |
| Personal name | VILAS, SHUBHUA |
| 245 ## - TITLE STATEMENT | |
| Title | INDRA AND AIRAVAT THE ELEPHANT |
| 260 ## - PUBLICATION, DISTRIBUTION, ETC. (IMPRINT) | |
| Place of publication | U.P |
| Name of publisher | VILAS, SHIBHA |
| Year of publication | OM BOOKS INTERNATIONA |
| 300 ## - PHYSICAL DESCRIPTION | |
| Number of Pages | 10 |
| 520 ## - SUMMARY, ETC. | |
| Summary, etc | The birth of this elephant was planned so that Lord Indra could have an animal of his own, to serve as his escort. In brief, Airavata was born when Brahma sang sacred Mantras over the halves of the eggshell. These eggshells are of the egg which Pakshiraj Garuda- The vehicle of Lord Vishnu hatched. |
| 650 ## - SUBJECT ADDED ENTRY--TOPICAL TERM | |
| Topical Term | SHORT STORY |
| 942 ## - ADDED ENTRY ELEMENTS (KOHA) | |
| Koha item type | Books |
| Withdrawn status | Lost status | Collection code | Home library | Current library | Shelving location | Date acquired | Source of acquisition | Full call number | Accession Number | Koha item type |
|---|---|---|---|---|---|---|---|---|---|---|
| Fiction | Main Library | Main Library | NEW SHELF WITH NEW ENTRY | 26/10/2023 | Purchase | 823 VIL/I | 13041 | Books |